Разработка программного комплекса моделирования электромеханических устройств; Молодежь и современные информационные технологии

Détails bibliographiques
Parent link:Молодежь и современные информационные технологии.— 2006.— С. 281-283
Auteur principal: Фокин В. В.
Autres auteurs: Леонов С. В. Сергей Владимирович, Калаев В. Е.
Langue:russe
Publié: 2006
Sujets:
Format: Chapitre de livre
KOHA link:https://koha.lib.tpu.ru/cgi-bin/koha/opac-detail.pl?biblionumber=109064

MARC

LEADER 00000naa2a2200000 4500
001 109064
005 20231222085929.0
035 |a (RuTPU)RU\TPU\book\117726 
090 |a 109064 
100 |a 20070130d2006 k y0rusy50 ca 
101 0 |a rus 
102 |a RU 
200 1 |a Разработка программного комплекса моделирования электромеханических устройств  |f В. В. Фокин, С. В. Леонов, В. Е. Калаев 
320 |a Библиогр.: 3 назв. 
463 0 |0 (RuTPU)RU\TPU\book\108762  |t Молодежь и современные информационные технологии  |o сборник трудов IV Всероссийской научно-практической конференции студентов, аспирантов и молодых ученых, г. Томск, 28 февраля - 2 марта 2006 г.  |f Томский политехнический университет; Молодежь и современные информационные технологии  |v С. 281-283  |d 2006  |p 418 с. 
610 1 |a программные комплексы 
610 1 |a моделирование 
610 1 |a электромеханическое оборудование 
610 1 |a разработка 
610 1 |a преобразователи энергии 
610 1 |a труды учёных ТПУ 
700 1 |a Фокин  |b В. В. 
701 1 |a Леонов  |b С. В.  |c специалист в области информатики и вычислительной техники  |c доцент Томского политехнического университета, кандидат технических наук  |f 1976-  |g Сергей Владимирович  |3 (RuTPU)RU\TPU\pers\27766  |9 12827 
701 1 |a Калаев  |b В. Е. 
801 1 |a RU  |b 63413507  |c 20070130  |g PSBO 
801 2 |a RU  |b 63413507  |c 20150930  |g RCR 
942 |c BK